Modelová analýza investícií v ekonomike SR diplomová práca

Na minha lista:
Detalhes bibliográficos
Autor principal: Guoth, Marián
Autor Corporativo: Fakulta hospodárskej informatiky EU. Katedra operačného výskumu a ekonometrie
Outros Autores: Goga, Marián
Formato: Livro
Idioma:eslovaco
Publicado em: Bratislava 2014
Tags: Adicionar Tag
Sem tags, seja o primeiro a adicionar uma tag!

MARC

LEADER 00000nbm a2200000 4500
001 0188483
005 20170201103125.1
041 0 |a slo 
044 |a SK 
245 1 0 |a Modelová analýza investícií v ekonomike SR  |b diplomová práca  |c Marián Guoth ; školiteľ: Marián Goga 
264 1 |a Bratislava  |c 2014 
300 |a 64 s. 
100 1 |a Guoth, Marián 
700 1 |a Goga, Marián 
710 2 |a Fakulta hospodárskej informatiky EU. Katedra operačného výskumu a ekonometrie